Zdeněk Tůma : obrazy z let 1940-1943, kresby z let 1936-1942 : životní malířské a scénografické dílo : katalog výstavy, Roudnice nad Labem květen-červen 1987, Karlovy Vary červenec-srpen 1987, Cheb říjen-prosinec 1987 /

Hlavní autor: Tůma, Zdeněk, 1907-1943
Další autoři: Hlaváčková, Miroslava, 1942-2020
Jazyk: Čeština
Vydáno: Karlovy Vary : Galerie ;Galerie, 1987
Témata:
Fyzický popis: 31 stran : ilustrace ; 20 cm + seznam vystavených prací (15 stran)
Knihy
Uloženo v:
LEADER 02158nam a22005292i 4500
001 001536215
003 CZ BrMZK
005 20170502163943.0
007 ta
008 160720s1987 xr a erc||||||||||cze d
015 |a cnb000034594 
020 |q (Brož.) 
035 |a (OCoLC)39403257 
040 |a ABA001  |b cze  |d ABA001  |d BOA001  |e rda 
043 |a e-xr--- 
045 |a x-x- 
072 7 |a 7.01/.09  |x Umění  |2 Konspekt  |9 21 
080 |a 75(437.3)  |2 MRF 
080 |a 741/744(437.3)  |2 MRF 
080 |a 792.021  |2 MRF 
080 |a 7.036/.038  |2 MRF 
080 |a (437.3)  |2 MRF 
080 |a (083.824)  |2 MRF 
100 1 |a Tůma, Zdeněk,  |d 1907-1943  |7 jn20000728769  |4 art  |4 ill 
245 1 0 |a Zdeněk Tůma :  |b obrazy z let 1940-1943, kresby z let 1936-1942 : životní malířské a scénografické dílo : katalog výstavy, Roudnice nad Labem květen-červen 1987, Karlovy Vary červenec-srpen 1987, Cheb říjen-prosinec 1987 /  |c text Miroslava Hlaváčková ; fotografie Olga Hilmerová ; obálka a graf. úprava Václav Rykr 
264 1 |a Karlovy Vary :  |b Galerie ;  |a Roudnice nad Labem :  |b Galerie,  |c 1987 
300 |a 31 stran :  |b ilustrace ;  |c 20 cm +  |e seznam vystavených prací (15 stran) 
336 |a text  |b txt  |2 rdacontent 
337 |a bez média  |b n  |2 rdamedia 
338 |a svazek  |b nc  |2 rdacarrier 
500 |a Životopisná data, přehled výstav a zastoupení ve sbírkách 
500 |a 1000 výt. 
504 |a Obsahuje bibliografii 
600 1 7 |a Tůma, Zdeněk,  |d 1907-1943  |7 jn20000728769  |2 czenas 
648 7 |a 20. století  |7 ch460558 
648 4 |a 1940-1943 
648 4 |a 1936-1942 
650 0 7 |a české malířství  |7 ph116864  |y 20. století  |2 czenas 
650 0 7 |a česká kresba  |7 ph116857  |y 20. století  |2 czenas 
650 0 7 |a scénografie  |7 ph116114  |z Česko  |y 20. století  |2 czenas 
650 0 7 |a moderní umění  |7 ph115340  |z Česko  |2 czenas 
655 7 |a katalogy výstav  |7 fd132536  |2 czenas 
700 1 |a Hlaváčková, Miroslava,  |d 1942-2020  |7 jn99240000291  |4 wfw 
910 |a BOA001  |b X-0922.372 
990 |a BK 
991 |b 201605 
996 6 |b 2619167207  |c X-0922.372  |l MZK  |r Sklad / do 24 hodin  |n 1  |w 001571176  |u 000010  |a 1  |e BOA001  |j MZK50  |s P